000 00543nam a22001817a 4500
005 20221221164236.0
008 221221b ||||| |||| 00| 0 eng d
040 _cAL
041 _aEnglish
082 _223
_a409.2
_bCHAS
100 _aNirad C Chaudhuri
_967381
245 _aScholar extraordinary : the life of Friedrich Max Müller
260 _aNew Delhi
_bVision Books Private Limited
_c1974
300 _a382 p.
_bPB
_c18x11 cm.
650 _aPolitical and Scholarly
_967382
700 _aCHAUDHURI (Nirad C)
_967383
942 _2ddc
_cDB
999 _c226030
_d226030